[Event "Capablanca Memorial op 53rd"]
[Site "Havana"]
[Date "2018.05.17"]
[Round "8"]
[White "Puga Bravo, Marcelo"]
[Black "Varela, Maria de los Angele"]
[Result "1-0"]
[WhiteElo "1934"]
[BlackElo "1794"]
[PlyCount "83"]
[EventDate "2018.05.09"]
[EventType "swiss"]
[EventRounds "10"]
[EventCountry "CUB"]
[SourceTitle "EXT 2021"]
[Source "ChessBase"]
[SourceDate "2020.10.23"]
[SourceVersion "1"]
[SourceVersionDate "2020.10.23"]
[SourceQuality "1"]

1. e4 c5 2. Nc3 e6 3. f4 a6 4. Nf3 b5 5. Be2 Bb7 6. d3 Nf6 7. 0-0 Be7 8. Kh1 0-0 9. Qe1 Qc7 10. Qh4 Nc6 11. Qh3 Nd4 12. Bd1 d5 13. e5 Nd7 14. Nxd4 cxd4 15. Ne2 Qb6 16. Rf3 Rfc8 17. Rg3 g6 18. Qg4 Qa5 19. Ng1 Rc7 20. h4 Qe1 21. h5 Kg7 22. Kh2 Rg8 23. hxg6 hxg6 24. Qe2 Rh8+ 25. Rh3 Rxh3+ 26. gxh3 Qb4 27. Nf3 Qc5 28. Qf2 Rc8 29. Nxd4 Rh8 30. Be3 Qc7 31. Bg4 Bh4 32. Qg2 Nxe5 33. Bxe6 Nd7 34. Rg1 g5 35. Nf5+ Kf8 36. Nxh4 Rxh4 37. Qxg5 fxe6 38. Qxh4 d4 39. Bd2 Qxc2 40. Qd8+ Kf7 41. Qxd7+ Kf6 42. Qg7+ 1-0